Movies Quiz

Random Movies Quiz
Score 0/34 Timer 10:00
0 Plays Today
Year Title % Correct
2004Ray
81.3%
2004Collateral
73.3%
2014The Amazing Spider-Man 2
68%
2013White House Down
65.3%
2012Django Unchained
60%
2011Horrible Bosses
57.3%
1999Any Given Sunday
52%
2014Horrible Bosses 2
50.7%
2006Miami Vice
49.3%
2017Baby Driver
49.3%
2011 (voice only)Rio
46.7%
2014 (voice only)Rio 2
44%
2001Ali
41.3%
2005Jarhead
41.3%
2007The Kingdom
40%
2000Bait
38.7%
2009The Soloist
38.7%
Year Title % Correct
2014Annie
36%
1997Booty Call
29.3%
2017Sleepless
29.3%
2019Just Mercy
28.3%
2006Dreamgirls
28%
2009Law Abiding Citizen
28%
2010Due Date
26.7%
2018Robin Hood
25.3%
2005Stealth
24%
1992Toys
18.7%
1998The Players Club
18.7%
2004Breakin' All the Rules
18.7%
2010Valentine's Day
18.7%
2000Held Up
17.3%
1996The Truth About Cats & Dogs
16%
1996The Great White Hype
14.7%
2004Shade
10.7%
Remove Ads.
Support Sporcle.
Get the best of Sporcle when you Go Orange. This ad-free experience offers more features, more stats, and more fun while also helping to support Sporcle. Thank you for becoming a member.

You're not logged in!

Compare scores with friends on all Sporcle quizzes.
OR
Log In

Show Comments

Extras

Top Quizzes Today


Score Distribution

Your Account Isn't Verified!

In order to create a playlist on Sporcle, you need to verify the email address you used during registration. Go to your Sporcle Settings to finish the process.

Report this User

Report this user for behavior that violates our Community Guidelines.

Details: